[Event "46th GRE-chT Premier 2018"]
[Site "Rio Achaia"]
[Date "2018.07.13"]
[Round "5"]
[White "Vitzileou, Fedra"]
[Black "Matthaiaki, Nefeli"]
[Result "1/2-1/2"]
[WhiteElo "1226"]
[BlackElo "1266"]
[Annotator "NA"]
[PlyCount "72"]
[EventDate "2018.07.10"]
[EventType "team-tourn"]
[EventCountry "GRE"]
[SourceTitle "playchess.com"]
[Source "ChessBase"]
[SourceQuality "1"]

1. c4 e6 2. Nc3 Nf6 3. g3 d5 4. cxd5 exd5 5. d4 b6 6. Qa4+ Qd7 7. Qxd7+ Nbxd7 8. Bg2 Bb7 9. Nb5 Bd6 10. Nxd6+ cxd6 11. Bf4 Ke7 12. Nf3 Rac8 13. Kd1 Ne4 14. Rf1 Rc4 15. Rc1 Rxc1+ 16. Bxc1 Ndf6 17. Ng5 h6 18. Nxe4 dxe4 19. h3 Rc8 20. f3 Rc4 21. e3 d5 22. fxe4 Nxe4 23. Bxe4 dxe4 24. Bd2 g6 25. Bc3 a5 26. a3 Ke6 27. Kd2 Ba6 28. Rf2 f5 29. b3 Rc6 30. a4 Bd3 31. h4 Rc7 32. Rh2 Rf7 33. b4 axb4 34. Bxb4 Rc7 35. Kd1 Rc4 36. Rb2 h5 1/2-1/2

[Event "46th GRE-chT Premier 2018"]
[Site "Rio Achaia"]
[Date "2018.07.13"]
[Round "5"]
[White "Tzachristas, Georgios"]
[Black "Papanagiotou, Dimitrios"]
[Result "1-0"]
[WhiteElo "1191"]
[BlackElo "1031"]
[Annotator "NA"]
[PlyCount "21"]
[EventDate "2018.07.10"]
[EventType "team-tourn"]
[EventCountry "GRE"]
[SourceTitle "playchess.com"]
[Source "ChessBase"]
[SourceQuality "1"]

1. e4 e5 2. Nf3 Nc6 3. Bc4 Bc5 4. c3 Nf6 5. d3 d5 6. exd5 Nxd5 7. Qb3 Na5 8. Qb5+ c6 9. Qxc5 Nxc4 10. dxc4 Ne7 11. O-O 1-0

[Event "46th GRE-chT Premier 2018"]
[Site "Rio Achaia"]
[Date "2018.07.13"]
[Round "5"]
[White "Mplitsa, Artemis"]
[Black "Kartsidima, Angeliki"]
[Result "1/2-1/2"]
[WhiteElo "1182"]
[BlackElo "1317"]
[Annotator "NA"]
[PlyCount "75"]
[EventDate "2018.07.10"]
[EventType "team-tourn"]
[EventCountry "GRE"]
[SourceTitle "playchess.com"]
[Source "ChessBase"]
[SourceQuality "1"]

1. e4 d6 2. d4 Nf6 3. Nc3 g6 4. Nf3 Bg7 5. Be2 O-O 6. O-O e5 7. dxe5 dxe5 8. Bg5 Nbd7 9. Qd2 b6 10. Rfd1 Bb7 11. Qe3 Qc8 12. h3 Re8 13. Bc4 Nc5 14. Bd3 a6 15. b4 Nxd3 16. Rxd3 Qe6 17. a3 Bc6 18. Rad1 Rac8 19. Nd5 Bxd5 20. Bxf6 Bxf6 21. Rxd5 Qc6 22. Qb3 Re7 23. a4 Rce8 24. b5 axb5 25. axb5 Qb7 26. Qc4 Qc8 27. R1d3 Qa8 28. Rd7 Qc8 29. R7d5 Qb7 30. Qc6 Qxc6 31. bxc6 Re6 32. Rc3 Kf8 33. Rd7 R6e7 34. Rcd3 Rxd7 35. Rxd7 Re7 36. Rd8+ Re8 37. Rd7 Re7 38. Rd8+ 1/2-1/2

[Event "46th GRE-chT Premier 2018"]
[Site "Rio Achaia"]
[Date "2018.07.13"]
[Round "5"]
[White "Golegos, Antonis"]
[Black "Fragkos, Vasileios"]
[Result "1-0"]
[WhiteElo "1136"]
[BlackElo "1774"]
[Annotator "NA"]
[PlyCount "151"]
[EventDate "2018.07.10"]
[EventType "team-tourn"]
[EventCountry "GRE"]
[SourceTitle "playchess.com"]
[Source "ChessBase"]
[SourceQuality "1"]

1. e4 e5 2. Nf3 Nc6 3. Bc4 Bc5 4. d3 Nf6 5. Nc3 d6 6. Be3 Bb6 7. Qd2 Be6 8. Bb3 Qd7 9. Ba4 O-O 10. O-O Ba5 11. Bg5 Qe7 12. a3 h6 13. Bh4 g5 14. Nxg5 Bxc3 15. bxc3 Nxe4 16. dxe4 hxg5 17. Qxg5+ Qxg5 18. Bxg5 Bc4 19. Rfe1 f6 20. Bd2 Na5 21. Rab1 a6 22. Bb3 b5 23. f3 Kf7 24. Kf2 c5 25. Rh1 Nxb3 26. cxb3 Bd3 27. Rbc1 f5 28. exf5 Bxf5 29. g4 Bg6 30. h4 Ke6 31. Ke2 Rh8 32. h5 Bf7 33. Rcg1 Rag8 34. Rh2 Kd7 35. Rgh1 Bxb3 36. h6 Rh7 37. Rg1 Bf7 38. Rhg2 Bg6 39. g5 Kc6 40. Ra1 Rb8 41. Rf2 Rf8 42. Rg1 d5 43. f4 Rhf7 44. Rg4 Bh5 45. Rfg2 Rg8 46. Kf2 Bxg4 47. Rxg4 Rh7 48. Kg3 exf4+ 49. Bxf4 Rg6 50. Kh4 d4 51. Kh5 Rg8 52. g6 Re7 53. h7 Rh8 54. Kh6 Re1 55. Kg7 Ree8 56. Kh6 Re1 57. Rh4 Re6 58. Rh5 dxc3 59. Be5 c2 60. Bb2 Rd8 61. Rh2 Ree8 62. Rxc2 Rd1 63. Rh2 Rdd8 64. Rf2 Re3 65. Rf6+ Kd5 66. Kg7 Ree8 67. Kh6 Re3 68. Rf5+ Kc4 69. h8=Q Rxh8+ 70. Bxh8 Rg3 71. Rg5 Rh3+ 72. Kg7 Rxa3 73. Kf7 Rf3+ 74. Bf6 Rd3 75. g7 Rd7+ 76. Be7 1-0

[Event "46th GRE-chT Premier 2018"]
[Site "Rio Achaia"]
[Date "2018.07.13"]
[Round "5"]
[White "Nikolakopoulou, Eleni"]
[Black "Tsouli, Rafailia"]
[Result "1/2-1/2"]
[WhiteElo "1111"]
[BlackElo "1327"]
[Annotator "NA"]
[PlyCount "101"]
[EventDate "2018.07.10"]
[EventType "team-tourn"]
[EventCountry "GRE"]
[SourceTitle "playchess.com"]
[Source "ChessBase"]
[SourceQuality "1"]

1. d4 d5 2. c4 c6 3. cxd5 cxd5 4. Bf4 Nc6 5. Nc3 Nf6 6. e3 a6 7. Nf3 e6 8. Be2 Bd6 9. Bxd6 Qxd6 10. O-O O-O 11. Re1 Re8 12. Qc2 Bd7 13. Rad1 Rac8 14. Bf1 Qe7 15. Qb1 Na5 16. e4 dxe4 17. Nxe4 Bc6 18. Bd3 Nxe4 19. Bxe4 Bxe4 20. Qxe4 Nc6 21. Ne5 Nxe5 22. Qxe5 Qc7 23. Qxc7 Rxc7 24. Rd2 Kf8 25. h3 Rd8 26. f4 Rc4 27. Red1 Ke7 28. Kf2 Rdc8 29. Ke3 Rc2 30. Kd3 Rxd2+ 31. Rxd2 Kd6 32. Re2 Rc1 33. Ke3 Kd5 34. Rd2 Re1+ 35. Kf3 Rf1+ 36. Ke3 Re1+ 37. Kf3 Rf1+ 38. Ke3 Re1+ 39. Kf3 Ra1 40. a3 Rf1+ 41. Ke3 Re1+ 42. Kf3 Rc1 43. g3 Rf1+ 44. Ke3 Rh1 45. h4 Rg1 46. Kf2 Rh1 47. Kg2 Rc1 48. Kf3 Rf1+ 49. Ke2 Rg1 50. Kf2 Rh1 51. Kf3 1/2-1/2

[Event "46th GRE-chT Premier 2018"]
[Site "Rio Achaia"]
[Date "2018.07.13"]
[Round "5"]
[White "Tafani, Kleinta"]
[Black "Batsi, Varvara"]
[Result "1/2-1/2"]
[WhiteElo "1102"]
[BlackElo "1241"]
[Annotator "NA"]
[PlyCount "88"]
[EventDate "2018.07.10"]
[EventType "team-tourn"]
[EventCountry "GRE"]
[SourceTitle "playchess.com"]
[Source "ChessBase"]
[SourceQuality "1"]

1. d4 d5 2. c4 e6 3. Nc3 Nf6 4. cxd5 exd5 5. Bg5 Be7 6. e3 c6 7. Bd3 Be6 8. Qb3 Qc8 9. Nf3 Nbd7 10. O-O O-O 11. Qc2 Re8 12. Rab1 a6 13. b4 Qc7 14. a4 Rac8 15. Rfc1 h6 16. Bh4 Bd6 17. Bxf6 Nxf6 18. h3 Qe7 19. Rb3 Rc7 20. Qb2 Rec8 21. b5 axb5 22. axb5 Ra8 23. Ra1 Rcc8 24. Na4 Nd7 25. bxc6 bxc6 26. Rb7 Rcb8 27. Rxb8+ Rxb8 28. Qc3 c5 29. dxc5 Nxc5 30. Nxc5 Bxc5 31. Nd4 Bxd4 32. Qxd4 Qg5 33. h4 Qe7 34. Qf4 Rd8 35. Rb1 Qa7 36. Qb4 Qc7 37. Qb6 Qxb6 38. Rxb6 g6 39. g3 Kf8 40. Rb7 Rd7 41. Rxd7 Bxd7 42. Kg2 Ke7 43. Kf3 Kf6 44. g4 Ke5 1/2-1/2

[Event "46th GRE-chT Premier 2018"]
[Site "Rio Achaia"]
[Date "2018.07.13"]
[Round "5"]
[White "Fertakis, Dimitrios"]
[Black "Apostolidis, Angelos"]
[Result "1/2-1/2"]
[WhiteElo "1058"]
[BlackElo "1117"]
[Annotator "NA"]
[PlyCount "64"]
[EventDate "2018.07.10"]
[EventType "team-tourn"]
[EventCountry "GRE"]
[SourceTitle "playchess.com"]
[Source "ChessBase"]
[SourceQuality "1"]

1. e4 e5 2. Nf3 Nc6 3. Bb5 a6 4. Ba4 Nf6 5. O-O b5 6. Bb3 Bc5 7. Re1 O-O 8. c3 d6 9. h3 h6 10. d4 Bb6 11. d5 Ne7 12. Nbd2 Ng6 13. Nf1 Nh7 14. Ng3 Re8 15. a4 Rb8 16. axb5 axb5 17. Bc2 Rb7 18. Bd3 Bd7 19. Qe2 Rf8 20. Be3 Bxe3 21. Qxe3 Nf4 22. Bc2 Qf6 23. Ne2 Nxe2+ 24. Qxe2 Ng5 25. Nxg5 Qxg5 26. Kh1 Rfb8 27. Ra2 b4 28. b3 Qd8 29. c4 Ra8 30. Rea1 Rxa2 31. Rxa2 Qb8 32. Qe3 Kf8 1/2-1/2

[Event "46th GRE-chT Premier 2018"]
[Site "Rio Achaia"]
[Date "2018.07.13"]
[Round "5"]
[White "Papanagiotou, Argyro"]
[Black "Gioutsou, Miranta"]
[Result "0-1"]
[WhiteElo "1037"]
[BlackElo "1467"]
[Annotator "NA"]
[PlyCount "24"]
[EventDate "2018.07.10"]
[EventType "team-tourn"]
[EventCountry "GRE"]
[SourceTitle "playchess.com"]
[Source "ChessBase"]
[SourceQuality "1"]

1. e4 Nf6 2. Nc3 d5 3. e5 Nfd7 4. d4 e6 5. Nf3 c5 6. Bf4 Nc6 7. Be2 cxd4 8. Nb5 Qb6 9. Nbxd4 Nxd4 10. Nxd4 Bc5 11. c3 Qxb2 12. Qc2 Qxa1+ 0-1

[Event "46th GRE-chT Premier 2018"]
[Site "Rio Achaia"]
[Date "2018.07.14"]
[Round "6"]
[White "Safarli, Eltaj"]
[Black "Dochev, Dimitar"]
[Result "1-0"]
[WhiteElo "2667"]
[BlackElo "2399"]
[Annotator "TA"]
[PlyCount "47"]
[EventDate "2018.07.10"]
[EventType "team-tourn"]
[EventCountry "GRE"]
[SourceTitle "playchess.com"]
[Source "ChessBase"]
[SourceQuality "1"]

1. e4 e6 2. d4 d5 3. Nd2 c5 4. Ngf3 cxd4 5. Nxd4 Nf6 6. exd5 Nxd5 7. Bd3 Nb4 8. N2f3 Nxd3+ 9. Qxd3 Bd7 10. Bf4 Nc6 11. O-O-O Nxd4 12. Nxd4 Qb6 13. Rhe1 O-O-O 14. Qc3+ Qc5 15. Rd3 Bc6 16. Nxc6 Qxc6 17. Rxd8+ Kxd8 18. Rd1+ Ke8 19. Bg5 f5 20. Rd8+ Kf7 21. Qxc6 bxc6 22. Rc8 c5 23. Be3 e5 24. Bxc5 1-0

[Event "46th GRE-chT Premier 2018"]
[Site "Rio Achaia"]
[Date "2018.07.14"]
[Round "6"]
[White "Papaioannou, Ioannis"]
[Black "Mastrovasilis, Athanasios"]
[Result "1/2-1/2"]
[WhiteElo "2647"]
[BlackElo "2497"]
[Annotator "TA"]
[PlyCount "81"]
[EventDate "2018.07.10"]
[EventType "team-tourn"]
[EventCountry "GRE"]
[SourceTitle "playchess.com"]
[Source "ChessBase"]
[SourceQuality "1"]

1. d4 d5 2. c4 c6 3. cxd5 cxd5 4. Bf4 Nc6 5. e3 Nf6 6. Nc3 Bg4 7. Qb3 Na5 8. Qa4+ Bd7 9. Qc2 e6 10. Bd3 Nh5 11. Bg3 Rc8 12. Nf3 Bb4 13. O-O Nc4 14. Rfc1 Nxg3 15. hxg3 Bxc3 16. bxc3 b5 17. Bxc4 Rxc4 18. Ne5 Rc7 19. Qb3 O-O 20. Rab1 a6 21. Qa3 Ra7 22. Nd3 Qc7 23. Qc5 Qxc5 24. Nxc5 Bc6 25. f3 Re8 26. Kf2 f6 27. f4 h6 28. Rb3 Kf7 29. Ra3 a5 30. Rb3 Rc8 31. Rh1 Ke7 32. g4 Kd6 33. Ke2 Rf8 34. Rbb1 Raf7 35. Kd2 Re7 36. Rhf1 Rh8 37. Rh1 Rf8 38. Rbf1 Ref7 39. Rh5 Re7 40. Rh3 Ref7 41. Rh5 1/2-1/2

[Event "46th GRE-chT Premier 2018"]
[Site "Rio Achaia"]
[Date "2018.07.14"]
[Round "6"]
[White "Banikas, Hristos"]
[Black "Lupulescu, Constantin"]
[Result "1/2-1/2"]
[WhiteElo "2591"]
[BlackElo "2617"]
[Annotator "TA"]
[PlyCount "139"]
[EventDate "2018.07.10"]
[EventType "team-tourn"]
[EventCountry "GRE"]
[SourceTitle "playchess.com"]
[Source "ChessBase"]
[SourceQuality "1"]

1. d4 Nf6 2. c4 e6 3. Nf3 d5 4. Nc3 Nbd7 5. Bg5 Be7 6. e3 h6 7. Bh4 O-O 8. Rc1 Re8 9. a3 a6 10. b4 c6 11. Bd3 dxc4 12. Bxc4 Nd5 13. Bxe7 Qxe7 14. Qb3 N5b6 15. Bd3 e5 16. O-O exd4 17. Nxd4 Nf6 18. Rfd1 Be6 19. Nxe6 Qxe6 20. Qxe6 Rxe6 21. Ne2 Kf8 22. Nd4 Re7 23. Nb3 Rd8 24. Nc5 Rc7 25. e4 Ke7 26. f3 Nbd7 27. Kf2 Nxc5 28. bxc5 Rcd7 29. Ke3 Ne8 30. Be2 Nc7 31. Rxd7+ Rxd7 32. f4 g5 33. g3 Ne6 34. Bg4 Rd8 35. Rc2 gxf4+ 36. gxf4 Rg8 37. Bxe6 Kxe6 38. Rb2 Rg1 39. Rxb7 Re1+ 40. Kf3 Rf1+ 41. Kg4 h5+ 42. Kxh5 Rxf4 43. Rc7 Rxe4 44. Rxc6+ Ke7 45. Rxa6 Re5+ 46. Kh6 Rxc5 47. h4 Rc4 48. h5 Rc5 49. a4 Rd5 50. Ra7+ Kf8 51. Rb7 Ra5 52. Rb4 Ke7 53. Rh4 Kf6 54. Rg4 Rf5 55. Rc4 Ra5 56. Rb4 Ke7 57. Re4+ Kf6 58. Rh4 Rc5 59. Rh1 Ra5 60. Rf1+ Ke7 61. Rf4 Ke6 62. Rc4 Ke7 63. Re4+ Kf6 64. Rh4 Rc5 65. Kh7 Kg5 66. Rb4 f5 67. Rb5 Rc7+ 68. Kg8 Ra7 69. a5 Kxh5 70. Rxf5+ 1/2-1/2

[Event "46th GRE-chT Premier 2018"]
[Site "Rio Achaia"]
[Date "2018.07.14"]
[Round "6"]
[White "Mastrovasilis, Dimitrios"]
[Black "Saric, Ivan"]
[Result "1/2-1/2"]
[WhiteElo "2580"]
[BlackElo "2689"]
[Annotator "TA"]
[PlyCount "64"]
[EventDate "2018.07.10"]
[EventType "team-tourn"]
[EventCountry "GRE"]
[SourceTitle "playchess.com"]
[Source "ChessBase"]
[SourceQuality "1"]

1. e4 c5 2. Nf3 d6 3. d4 cxd4 4. Nxd4 Nf6 5. Nc3 a6 6. Be2 e5 7. Nb3 Be7 8. Bg5 O-O 9. Bxf6 Bxf6 10. Qd3 Be6 11. Rd1 Be7 12. Nd5 Bxd5 13. Qxd5 Qc7 14. c3 Nd7 15. Nd2 Rad8 16. O-O Bg5 17. Nf3 Nb6 18. Qb3 Bh6 19. Rfe1 d5 20. Bd3 dxe4 21. Bxe4 Rxd1 22. Rxd1 g6 23. a4 Rb8 24. h4 Kg7 25. Ng5 Bxg5 26. hxg5 Nc4 27. Bd5 Rd8 28. Bxc4 Rxd1+ 29. Qxd1 Qxc4 30. Qf3 Qxa4 31. Qf6+ Kg8 32. Qd8+ Kg7 1/2-1/2

[Event "46th GRE-chT Premier 2018"]
[Site "Rio Achaia"]
[Date "2018.07.14"]
[Round "6"]
[White "Istratescu, Andrei"]
[Black "Sandalakis, Angelos"]
[Result "1/2-1/2"]
[WhiteElo "2575"]
[BlackElo "2448"]
[Annotator "TA"]
[PlyCount "88"]
[EventDate "2018.07.10"]
[EventType "team-tourn"]
[EventCountry "GRE"]
[SourceTitle "playchess.com"]
[Source "ChessBase"]
[SourceQuality "1"]

1. e4 c6 2. d4 d5 3. Nc3 dxe4 4. Nxe4 Nd7 5. Ng5 Ngf6 6. Bd3 e6 7. N1f3 Bd6 8. Qe2 h6 9. Ne4 Nxe4 10. Qxe4 Qc7 11. Qg4 Kf8 12. O-O b6 13. b3 Nf6 14. Qh4 Bb7 15. Bb2 Nd5 16. Ne5 g5 17. Qg4 f5 18. Qg3 Bxe5 19. dxe5 Nf4 20. Rfd1 c5 21. f3 Kf7 22. Bf1 Rhd8 23. h4 Rxd1 24. Rxd1 Rd8 25. Qe1 gxh4 26. Rd6 Qe7 27. Bc1 Rxd6 28. exd6 Qxd6 29. Qxh4 Qd4+ 30. Kh2 Ng6 31. Qxh6 Bd5 32. Bb5 Qe5+ 33. Kh3 Qe1 34. Be8+ Kxe8 35. Qxg6+ Kd7 36. Qg7+ Kd6 37. Bf4+ e5 38. Qf8+ Kd7 39. Qg7+ Kd6 40. Qf6+ Be6 41. Qd8+ Kc6 42. Qe8+ Kd6 43. Qb8+ Kc6 44. Qxe5 Qxe5 1/2-1/2

[Event "46th GRE-chT Premier 2018"]
[Site "Rio Achaia"]
[Date "2018.07.14"]
[Round "6"]
[White "Sadzikowski, Daniel"]
[Black "Macieja, Bartlomiej"]
[Result "1-0"]
[WhiteElo "2567"]
[BlackElo "2525"]
[Annotator "TA"]
[PlyCount "145"]
[EventDate "2018.07.10"]
[EventType "team-tourn"]
[EventCountry "GRE"]
[SourceTitle "playchess.com"]
[Source "ChessBase"]
[SourceQuality "1"]

1. d4 Nf6 2. c4 e6 3. g3 c5 4. d5 exd5 5. cxd5 d6 6. Nc3 g6 7. Bg2 Bg7 8. Nf3 O-O 9. O-O Re8 10. Re1 a6 11. a4 Ne4 12. Ra3 Nd7 13. Nxe4 Rxe4 14. Qc2 Rb4 15. b3 a5 16. Bd2 b5 17. axb5 Rxb5 18. Bc3 Bxc3 19. Qxc3 Nb6 20. e4 f6 21. h4 a4 22. bxa4 Rxa4 23. h5 g5 24. h6 Rbb4 25. Nd2 Qf8 26. Rxa4 Nxa4 27. Qa1 Bd7 28. Rb1 Kf7 29. Rxb4 cxb4 30. Qb1 Qxh6 31. Qxb4 Qf8 32. Nc4 g4 33. Nxd6+ Kg8 34. Bf1 h5 35. Bd3 Nb2 36. Qxb2 Qxd6 37. Kg2 f5 38. Qd2 fxe4 39. Qg5+ Kf8 40. Bxe4 Be8 41. f3 gxf3+ 42. Bxf3 Bf7 43. Be4 Ke8 44. Kh3 Qd7+ 45. Kh4 Qd6 46. Bf3 Kd7 47. Kh3 Kc8 48. Qf5+ Qd7 49. Qxd7+ Kxd7 50. Kh4 Kd6 51. Kg5 Ke5 52. Bg2 Be8 53. Bh1 Bf7 54. Bf3 Kd6 55. Kf5 Be8 56. Kf6 Kd7 57. Ke5 Ke7 58. Bd1 Bf7 59. d6+ Kd7 60. Ba4+ Kd8 61. Bc6 Bg6 62. Be4 Bf7 63. Bd5 Bg6 64. Bc6 Bf7 65. Kf6 Bc4 66. Kg5 Be2 67. Kf4 Bc4 68. Bf3 Kd7 69. Ke5 Bf7 70. Bd1 Bg6 71. Bb3 Bd3 72. Ba4+ Kd8 73. Bd1 1-0

[Event "46th GRE-chT Premier 2018"]
[Site "Rio Achaia"]
[Date "2018.07.14"]
[Round "6"]
[White "Nikolov, Momchil"]
[Black "Nedev, Trajko"]
[Result "1/2-1/2"]
[WhiteElo "2551"]
[BlackElo "2490"]
[Annotator "TA"]
[PlyCount "60"]
[EventDate "2018.07.10"]
[EventType "team-tourn"]
[EventCountry "GRE"]
[SourceTitle "playchess.com"]
[Source "ChessBase"]
[SourceQuality "1"]

1. Nf3 Nf6 2. c4 g6 3. Nc3 Bg7 4. e4 d6 5. d4 O-O 6. Be2 e5 7. O-O Nc6 8. d5 Ne7 9. b4 Nh5 10. Re1 f5 11. Ng5 Nf6 12. Bf3 c6 13. dxc6 bxc6 14. exf5 gxf5 15. b5 d5 16. bxc6 e4 17. cxd5 Nfxd5 18. Nxd5 Nxd5 19. Ba3 Re8 20. Nxe4 fxe4 21. Rxe4 Nc7 22. Qxd8 Rxd8 23. Rae1 Bf5 24. Re7 Rac8 25. Bc5 Bf8 26. R7e5 Bxc5 27. Rxc5 Be6 28. a4 Rb8 29. h3 Rd6 30. Re4 h6 1/2-1/2

[Event "46th GRE-chT Premier 2018"]
[Site "Rio Achaia"]
[Date "2018.07.14"]
[Round "6"]
[White "Mihok, Oliver"]
[Black "Georgiou, Kostantinos"]
[Result "1-0"]
[WhiteElo "2550"]
[BlackElo "2242"]
[Annotator "TA"]
[PlyCount "61"]
[EventDate "2018.07.10"]
[EventType "team-tourn"]
[EventCountry "GRE"]
[SourceTitle "playchess.com"]
[Source "ChessBase"]
[SourceQuality "1"]

1. e4 c5 2. Nf3 e6 3. d4 cxd4 4. Nxd4 a6 5. Nc3 Qc7 6. Bd3 d6 7. O-O Nf6 8. f4 Nbd7 9. Kh1 Be7 10. Qe2 b6 11. Bd2 Bb7 12. Rae1 g6 13. e5 dxe5 14. fxe5 Nh5 15. Bh6 Nc5 16. Bc4 O-O-O 17. Ncb5 axb5 18. Nxb5 Qd7 19. Rxf7 Ne4 20. Qg4 Bf6 21. Qxe6 Qxe6 22. Bxe6+ Kb8 23. exf6 g5 24. Kg1 Bc6 25. Bg7 Nf4 26. Bxh8 Ne2+ 27. Kf1 N2g3+ 28. hxg3 Nxg3+ 29. Kg1 Rd2 30. Rf8+ Kb7 31. Bc8+ 1-0

[Event "46th GRE-chT Premier 2018"]
[Site "Rio Achaia"]
[Date "2018.07.14"]
[Round "6"]
[White "Czarnota, Pawel"]
[Black "Yilmaz, Mustafa"]
[Result "1/2-1/2"]
[WhiteElo "2549"]
[BlackElo "2624"]
[Annotator "TA"]
[PlyCount "68"]
[EventDate "2018.07.10"]
[EventType "team-tourn"]
[EventCountry "GRE"]
[SourceTitle "playchess.com"]
[Source "ChessBase"]
[SourceQuality "1"]

1. e4 c5 2. Nf3 d6 3. d4 cxd4 4. Nxd4 Nf6 5. Nc3 a6 6. Be3 e5 7. Nf3 Be7 8. Bc4 O-O 9. O-O Nc6 10. Qe2 Na5 11. Bb3 h6 12. Rfd1 Nxb3 13. axb3 Bd7 14. Na4 Bxa4 15. Rxa4 b5 16. Raa1 Qc8 17. Qd3 Qc6 18. Nh4 Rfd8 19. Nf5 Bf8 20. Ng3 d5 21. exd5 Nxd5 22. Qe4 Rac8 23. c3 Qe6 24. Qf5 Qxf5 25. Nxf5 h5 26. h3 g6 27. Bg5 f6 28. Ne3 Nxe3 29. Rxd8 Rxd8 30. Bxe3 Rd6 31. Bc5 Rc6 32. Bxf8 Kxf8 33. Rd1 Ke7 34. b4 h4 1/2-1/2

[Event "46th GRE-chT Premier 2018"]
[Site "Rio Achaia"]
[Date "2018.07.14"]
[Round "6"]
[White "David, Alberto"]
[Black "Erdos, Viktor"]
[Result "1/2-1/2"]
[WhiteElo "2549"]
[BlackElo "2619"]
[Annotator "TA"]
[PlyCount "62"]
[EventDate "2018.07.10"]
[EventType "team-tourn"]
[EventCountry "GRE"]
[SourceTitle "playchess.com"]
[Source "ChessBase"]
[SourceQuality "1"]

1. e4 e5 2. Nf3 Nc6 3. Bc4 Bc5 4. O-O Nf6 5. d3 O-O 6. Bg5 h6 7. Bh4 Be7 8. Bg3 d6 9. a3 Be6 10. Nbd2 Qd7 11. c3 Rae8 12. b4 Bd8 13. Re1 Nh5 14. Qb3 Bg5 15. Rad1 Bxd2 16. Rxd2 Bxc4 17. Qxc4 a6 18. Qb3 Qe6 19. Qxe6 Rxe6 20. Rb2 Ne7 21. d4 Ng6 22. c4 Re7 23. c5 Nxg3 24. hxg3 exd4 25. cxd6 cxd6 26. Rd2 Rc8 27. Rxd4 Rc3 28. Rxd6 Rxa3 29. Rb6 a5 30. bxa5 Rxa5 31. Reb1 Rxe4 1/2-1/2

[Event "46th GRE-chT Premier 2018"]
[Site "Rio Achaia"]
[Date "2018.07.14"]
[Round "6"]
[White "Kuljasevic, Davorin"]
[Black "Firat, Burak"]
[Result "0-1"]
[WhiteElo "2545"]
[BlackElo "2452"]
[Annotator "TA"]
[PlyCount "84"]
[EventDate "2018.07.10"]
[EventType "team-tourn"]
[EventCountry "GRE"]
[SourceTitle "playchess.com"]
[Source "ChessBase"]
[SourceQuality "1"]

1. d4 d5 2. c4 c6 3. Nf3 Nf6 4. Nc3 dxc4 5. a4 Bf5 6. Ne5 Nbd7 7. Nxc4 Nb6 8. Ne5 a5 9. h4 e6 10. f3 h6 11. e4 Bh7 12. Be3 Nfd7 13. Nd3 Bd6 14. Ne2 Nc4 15. Bc1 b5 16. Qc2 Rc8 17. b3 Ncb6 18. Bd2 c5 19. axb5 cxd4 20. Qb2 e5 21. Bxa5 O-O 22. Nb4 Nc5 23. Qa2 f5 24. Ng3 fxe4 25. Nc6 Qf6 26. Bxb6 Nd7 27. Bc4+ Kh8 28. Bd8 Qf4 29. Ne2 Qe3 30. Qd2 Qxd2+ 31. Kxd2 e3+ 32. Kc1 Nc5 33. Kb2 Nd3+ 34. Bxd3 Bxd3 35. Nc1 Bxb5 36. Na7 Rb8 37. Nxb5 Rxb5 38. Ba5 e4 39. Ne2 d3 40. Nc3 Be5 41. Bc7 Bxc7 42. Nxb5 Be5+ 0-1

[Event "46th GRE-chT Premier 2018"]
[Site "Rio Achaia"]
[Date "2018.07.14"]
[Round "6"]
[White "Baron, Tal"]
[Black "Shoker, Samy"]
[Result "1/2-1/2"]
[WhiteElo "2530"]
[BlackElo "2482"]
[Annotator "TA"]
[PlyCount "60"]
[EventDate "2018.07.10"]
[EventType "team-tourn"]
[EventCountry "GRE"]
[SourceTitle "playchess.com"]
[Source "ChessBase"]
[SourceQuality "1"]

1. e4 c5 2. Nf3 g6 3. d4 Bg7 4. dxc5 Qa5+ 5. c3 Qxc5 6. Na3 Nf6 7. Nb5 O-O 8. Be3 Qc6 9. Nfd4 Qxe4 10. Nc7 b6 11. Be2 Qb7 12. Nxa8 Qxa8 13. O-O Bb7 14. Bf3 d5 15. a4 Nbd7 16. a5 bxa5 17. Rxa5 a6 18. Be2 e5 19. Nf3 Re8 20. Re1 h6 21. h3 Re6 22. Qa1 Qc8 23. Nd2 Bf8 24. Nb3 Kh7 25. Ra2 Ne4 26. Na5 Ba8 27. Nb3 Bb7 28. Na5 Ba8 29. Nb3 Bb7 30. Na5 Ba8 1/2-1/2

[Event "46th GRE-chT Premier 2018"]
[Site "Rio Achaia"]
[Date "2018.07.14"]
[Round "6"]
[White "Kelires, Andreas"]
[Black "Prince, Bajaj"]
[Result "1/2-1/2"]
[WhiteElo "2530"]
[BlackElo "2404"]
[Annotator "TA"]
[PlyCount "158"]
[EventDate "2018.07.10"]
[EventType "team-tourn"]
[EventCountry "GRE"]
[SourceTitle "playchess.com"]
[Source "ChessBase"]
[SourceQuality "1"]

1. d4 Nf6 2. Nf3 e6 3. g3 d5 4. Bg2 b6 5. O-O Bb7 6. c4 dxc4 7. Qa4+ Nbd7 8. Nc3 a6 9. Qxc4 b5 10. Qd3 c5 11. a3 cxd4 12. Qxd4 Bc5 13. Qd3 O-O 14. b4 Be7 15. Be3 Rc8 16. Rfd1 Qc7 17. Rac1 Bxf3 18. exf3 Ne5 19. Qe2 Nc4 20. Ne4 Nd5 21. Bd4 Rfd8 22. f4 Bf8 23. Ba1 h6 24. h4 Ne7 25. Nc5 Nf5 26. Nb3 Rxd1+ 27. Qxd1 Qd8 28. Qc2 Nb6 29. Rd1 Rxc2 30. Rxd8 f6 31. Bd4 Nxd4 32. Nxd4 Rc1+ 33. Kh2 Rd1 34. Nxe6 Rxd8 35. Nxd8 Be7 36. Nc6 Bd6 37. Na5 Kf8 38. Bb7 Nc4 39. Nxc4 bxc4 40. Bxa6 c3 41. Bd3 Ke7 42. Kg2 Ke6 43. Bc4+ Kd7 44. Bb3 Kc6 45. Kf3 Kb5 46. Ke4 Bb8 47. f5 Ba7 48. Kd3 Bxf2 49. Kxc3 Be1+ 50. Kb2 h5 51. Bf7 Bxg3 52. Bxh5 Bxh4 53. Kb3 Be1 54. a4+ Kb6 55. Bf3 Kc7 56. a5 Kd6 57. Ka4 Bd2 58. Kb5 Kc7 59. Kc5 Be1 60. Bh5 Bd2 61. Kc4 Be1 62. Kb5 Bd2 63. Be8 Be1 64. Ka4 Kd6 65. Bb5 Bd2 66. Be2 Be1 67. Bh5 Bd2 68. b5 Kc5 69. b6 Be1 70. Be8 Bd2 71. b7 Bf4 72. Kb3 Bb8 73. Ka4 Bc7 74. Bd7 Bb8 75. Bc8 Bc7 76. Be6 Bb8 77. Bc8 Bc7 78. a6 Kb6 79. Kb4 Bb8 1/2-1/2

[Event "46th GRE-chT Premier 2018"]
[Site "Rio Achaia"]
[Date "2018.07.14"]
[Round "6"]
[White "Firman, Nazar"]
[Black "Fier, Alexandr"]
[Result "0-1"]
[WhiteElo "2512"]
[BlackElo "2570"]
[Annotator "TA"]
[PlyCount "160"]
[EventDate "2018.07.10"]
[EventType "team-tourn"]
[EventCountry "GRE"]
[SourceTitle "playchess.com"]
[Source "ChessBase"]
[SourceQuality "1"]

1. e4 c5 2. Nf3 e6 3. c3 d5 4. exd5 Qxd5 5. d4 Nf6 6. Na3 Nc6 7. Be3 cxd4 8. Nb5 Qd8 9. Nbxd4 Nd5 10. Bg5 Be7 11. Bxe7 Qxe7 12. Bd3 O-O 13. O-O Nxd4 14. Nxd4 b6 15. Qf3 Bb7 16. Rae1 Qf6 17. Qxf6 Nxf6 18. f4 g6 19. Re2 Rfd8 20. g3 Rac8 21. Rfe1 Nd7 22. Kf2 Nc5 23. Bb1 a6 24. Rd2 b5 25. Ree2 Na4 26. Nb3 Bd5 27. Na5 Kg7 28. Rd4 f5 29. Red2 Nb6 30. Bc2 Kf6 31. Bb3 Rd7 32. Ke2 h6 33. Bxd5 Rxd5 34. Rxd5 Nxd5 35. h4 g5 36. hxg5+ hxg5 37. fxg5+ Kxg5 38. Nb3 Kg4 39. Nd4 Nf6 40. Ke3 e5 41. Ne2 f4+ 42. gxf4 exf4+ 43. Kd3 f3 44. Nd4 Kg3 45. Nf5+ Kf4 46. Nd4 Ng4 47. Ne6+ Kg3 48. Ng5 f2 49. Ne4+ Kf3 50. Nxf2 Nxf2+ 51. Kc2 Ne4 52. Rd4 Nc5 53. Rd6 Ke4 54. a4 bxa4 55. Kb1 Ke5 56. Rh6 Rf8 57. Ka2 Rf1 58. Rh5+ Kd6 59. Rh4 Kc6 60. Rh6+ Kb5 61. Rh5 a5 62. Rg5 Rd1 63. Rh5 Kc4 64. Rh4+ Kd3 65. Rh3+ Kc2 66. Rh5 Nd3 67. Rh2+ Rd2 68. Rh5 Nxb2 69. Ka3 Nc4+ 70. Kxa4 Kxc3 71. Rh3+ Rd3 72. Rh8 Rd5 73. Rh3+ Kd4 74. Rh4+ Kc5 75. Rh8 Kb6 76. Rb8+ Ka6 77. Ra8+ Kb7 78. Rh8 Nb6+ 79. Ka3 Rd3+ 80. Ka2 Kc6 0-1